El dragón y los demonios extranjeros. China y el Mundo a lo largo de la historia

Saved in:
Bibliografiske detaljer
Hovedforfatter: Gelber, Harry G (Author)
Format: Bog
Sprog:spansk
Udgivet: Barcelona RBA Libros 2008
Udgivelse:1a. ed
Fag:
Tags: Tilføj Tag
Ingen Tags, Vær først til at tagge denne postø!

MARC

LEADER 00000nam a2200000 a 4500
001 UCG6079
003 CL-VaPUC
008 110331e20080500sp |||||||||||||||||spa|d
020 |a 9788498671377 
082 0 4 |a 951  |b GEL  |2 21 
100 0 |a Gelber, Harry G  |e author  |9 556069 
245 1 3 |a El dragón y los demonios extranjeros. China y el Mundo a lo largo de la historia 
250 |a 1a. ed 
300 |a 505 p 
942 |c BK 
945 |d 20110331 00:00:00  |a jcampos 
260 |a Barcelona  |b RBA Libros  |c 2008 
650 0 |a Historia de China  |9 434737 
650 7 |a DINASTIAS CHINAS  |2 CL-VaPUC  |9 556070 
650 7 |a REVOLUCION CHINA  |2 CL-VaPUC  |9 387706 
650 7 |a COMERCIO CHINO  |2 CL-VaPUC  |9 556071 
650 7 |a CULTURA CHINA  |2 CL-VaPUC  |9 434570 
583 |a last modification  |c 20171211 01:09:00  |k Rodrigo Vera 
999 |c 344377  |d 344375 
952 |0 0  |1 0  |4 0  |6 951_000000000000000_GEL_2008  |7 0  |8 A  |9 442325  |a BIBHIS  |b BIBHIS  |d 2019-11-22  |i 4761715  |l 1  |m 8  |o 951 GEL 2008  |p 4761715  |q 2025-07-11  |r 2024-07-02  |s 2024-07-02  |w 2019-11-22  |y BK  |k HIS